Super Smash Bros Ultimate Tier List Quiz - Statistics

General Stats
  • This quiz has been taken 133 times
  • The average score is 49 of 86
Answer Stats
Tier Fighter Vote % Correct
A+ Mario 8.125
83%
B- Bowser 5.863
79%
C- Donkey Kong 4.276
79%
D+ Kirby 3.461
76%
S Peach 8.939
76%
S+ Steve 10.427
76%
B+ Luigi 6.136
74%
S- Pikachu 8.631
74%
C- Bowser Jr. 3.928
71%
S+ Joker 10.065
71%
S- Cloud 8.689
69%
S Daisy 8.939
69%
S- Diddy Kong 8.666
69%
A- Ken 7.022
69%
A+ Samus 7.745
69%
S Sonic 9.648
69%
D- Ganondorf 1.815
67%
D+ King Dedede 3.176
67%
D+ King K. Rool 3.512
67%
B- Link 5.740
67%
A+ Lucina 8.046
67%
B- Meta Knight 5.782
67%
B- Pichu 5.686
67%
S Roy 9.066
67%
A+ Yoshi 8.177
67%
S Fox 9.181
64%
D- Little Mac 2.537
64%
B- Marth 5.719
64%
S R.O.B 9.166
64%
B+ Chrom 6.324
62%
S Kazuya 9.148
62%
S- Mr. Game & Watch 8.471
62%
A+ Pokemon Trainer 7.875
62%
A- Sora 7.202
62%
C+ Jigglypuff 4.901
60%
C- Lucario 4.176
60%
A- Ryu 6.993
60%
A+ Sephiroth 7.547
60%
A- Terry 7.224
60%
B- Toon Link 5.985
60%
A- Young Link 7.298
60%
D+ Zelda 3.500
60%
B+ Corrin 6.400
57%
A- Greninja 7.101
57%
A- Byleth 7.135
55%
B+ Captain Falcon 6.647
55%
A+ Dark Samus 7.745
55%
D+ Dr. Mario 3.244
55%
B+ Falco 6.478
55%
C- Ike 4.524
55%
C+ Mewtwo 4.604
55%
S- Snake 8.504
55%
S- Wolf 8.671
55%
S- Min Min 8.500
52%
B+ Ness 6.600
52%
S- Palutena 8.500
52%
C+ Ridley 4.825
52%
C- Villager 4.310
52%
C+ Incineroar 4.566
50%
D+ Isabelle 3.577
50%
C+ Lucas 5.038
50%
B- Pit 5.747
50%
C+ Robin 4.636
50%
A- Sheik 7.016
50%
A+ Zero Suit Samus 7.560
50%
C- Banjo & Kazooie 4.420
48%
B- Dark Pit 5.747
48%
B- Ice Climbers 5.647
48%
B- Rosalina & Luma 6.047
48%
C- Simon 4.387
48%
A+ Wario 7.846
48%
B+ Bayonetta 6.270
45%
B+ Hero 6.276
45%
D+ Piranha Plant 3.304
45%
C- Richter 4.387
45%
S- Pac-Man 8.547
43%
S- Shulk 8.398
43%
A- Mega Man 6.927
40%
A- Olimar 7.311
40%
A- Mii Brawler 6.974
36%
C+ Mii Gunner 4.718
36%
D+ Mii Swordfighter 3.292
36%
S+ Aegis/Pythra 10.257
31%
C+ Wii Fit Trainer 5.193
31%
C- Duck Hunt 4.404
26%
B+ Inkling 6.262
21%
No matching quizzes found
Score Distribution
Percent of People with Each Score
Percentile by Number Answered
Your Score History
You have not taken this quiz